<?xml version="1.0" encoding="UTF-8"?>
<record
    xmlns:xsi="http://www.w3.org/2001/XMLSchema-instance"
    xsi:schemaLocation="http://www.loc.gov/MARC21/slim http://www.loc.gov/standards/marcxml/schema/MARC21slim.xsd"
    xmlns="http://www.loc.gov/MARC21/slim">

  <leader>01142nam a2200241 a 4500</leader>
  <controlfield tag="001">BRCA_8977</controlfield>
  <controlfield tag="005">20190320210458.0</controlfield>
  <controlfield tag="008">100717s1745----sp-a######---#000-0#lat-#</controlfield>
  <datafield tag="041" ind1=" " ind2=" ">
    <subfield code="a">lat</subfield>
  </datafield>
  <datafield tag="044" ind1=" " ind2=" ">
    <subfield code="a">sp</subfield>
  </datafield>
  <datafield tag="084" ind1=" " ind2=" ">
    <subfield code="a">CO101</subfield>
    <subfield code="b">.G68 1745</subfield>
  </datafield>
  <datafield tag="100" ind1="1" ind2=" ">
    <subfield code="a">Goudin Lemovicensis, Antoine</subfield>
    <subfield code="9">22288</subfield>
  </datafield>
  <datafield tag="245" ind1="1" ind2="0">
    <subfield code="a">Philosophia thomistica, juxta inconcussa, tutissimaque divi Thomae dogmata</subfield>
    <subfield code="b">quatuor tomis comprehensa</subfield>
    <subfield code="c">authore P. Fr. Antonio Goudin, Lmovicensis...</subfield>
  </datafield>
  <datafield tag="260" ind1=" " ind2=" ">
    <subfield code="a">Matriti</subfield>
    <subfield code="b">Apud Andraeam a Ram&#xED;rez,</subfield>
    <subfield code="c">1745</subfield>
  </datafield>
  <datafield tag="300" ind1=" " ind2=" ">
    <subfield code="a">396 p. (t.2)</subfield>
    <subfield code="b">il.</subfield>
    <subfield code="c">20.3 x 14.6 cm</subfield>
  </datafield>
  <datafield tag="500" ind1=" " ind2=" ">
    <subfield code="a">En portada: Editio novissima, accuratissim&#xE9; correcta, elementis Chronologiae, &amp; Geographiae nume recens exornata, &amp; figuris aereis illustrata , praecipue ubi de modernis expeimentis, &amp; oservationibus, atque reccentiorum Philosophorum platicis, &amp; systemate.</subfield>
  </datafield>
  <datafield tag="500" ind1=" " ind2=" ">
    <subfield code="a">En portada: Tomus secundus, Primam, et secundam physicae partem continens</subfield>
  </datafield>
  <datafield tag="500" ind1=" " ind2=" ">
    <subfield code="a">Superiorum permissu</subfield>
  </datafield>
  <datafield tag="500" ind1=" " ind2=" ">
    <subfield code="a">Estado f&#xED;sico: presenta encuadernaci&#xF3;n en pergamino con cintas rotas</subfield>
  </datafield>
  <datafield tag="650" ind1="1" ind2="4">
    <subfield code="a">Filosof&#xED;a</subfield>
    <subfield code="y">Obras anteriores a 1800</subfield>
    <subfield code="9">22006</subfield>
  </datafield>
  <datafield tag="902" ind1=" " ind2=" ">
    <subfield code="a">CFM</subfield>
  </datafield>
  <datafield tag="942" ind1=" " ind2=" ">
    <subfield code="2">lcc</subfield>
    <subfield code="c">B</subfield>
  </datafield>
  <datafield tag="999" ind1=" " ind2=" ">
    <subfield code="c">8628</subfield>
    <subfield code="d">8628</subfield>
  </datafield>
  <datafield tag="952" ind1=" " ind2=" ">
    <subfield code="0">0</subfield>
    <subfield code="1">0</subfield>
    <subfield code="4">0</subfield>
    <subfield code="7">0</subfield>
    <subfield code="a">BRCA</subfield>
    <subfield code="b">BRCA</subfield>
    <subfield code="d">2017-07-10</subfield>
    <subfield code="l">0</subfield>
    <subfield code="o">CO101 .G68 1745</subfield>
    <subfield code="p">CFM00389</subfield>
    <subfield code="r">2019-03-22 00:00:00</subfield>
    <subfield code="w">2019-03-22</subfield>
    <subfield code="y">B</subfield>
  </datafield>
</record>
